THE INHERITANCE OF LOSS (Record no. 3171)
[ view plain ]
| 000 -LEADER | |
|---|---|
| fixed length control field | 00643nam a22001457a 4500 |
| 020 ## - INTERNATIONAL STANDARD BOOK NUMBER | |
| ISBN | 978-0-143-42390-4 |
| 082 ## - DEWEY DECIMAL CLASSIFICATION NUMBER | |
| Classification number | 823 |
| Item number | DES/I |
| 100 ## - MAIN ENTRY--AUTHOR NAME | |
| Personal name | DESAI,KIRAN |
| 245 ## - TITLE STATEMENT | |
| Title | THE INHERITANCE OF LOSS |
| 260 ## - PUBLICATION, DISTRIBUTION, ETC. (IMPRINT) | |
| Place of publication | HARYANA |
| Name of publisher | PENGUIN RANDOM HOUSE |
| 300 ## - PHYSICAL DESCRIPTION | |
| Number of Pages | 324 |
| 520 ## - SUMMARY, ETC. | |
| Summary, etc | The Inheritance of Loss explores the lives of characters who are trapped in India's class system—both the lower class and the upper class. The characters' hopes and dreams are conveyed in the novel, along with their ultimate dream of immigrating to America and finally escaping the rigid caste system of their homeland. |
| 650 ## - SUBJECT ADDED ENTRY--TOPICAL TERM | |
| Topical Term | ENGLISH -NOVEL |
| Geographic subdivision | INDIA |
| 942 ## - ADDED ENTRY ELEMENTS (KOHA) | |
| Koha item type | Books |
| Withdrawn status | Lost status | Collection code | Home library | Current library | Shelving location | Date acquired | Source of acquisition | Full call number | Accession Number | Koha item type |
|---|---|---|---|---|---|---|---|---|---|---|
| Fiction | Main Library | Main Library | SHELF-2-I ENGLIAH NOVEL TEACHERS | 18/01/2019 | PURCHASE | 823 DES/I | 10505 | Books |